000 00244 a2200109 4500
001 68595
040 _cAnchieta - Itaigara
240 1 0 _aInverno em Yellowstone
_l
245 1 0 _aInverno em Yellowstone
650 4 _aGeografia e viagens
942 _cMX
999 _c68595
_d68595